<?xml version="1.0" encoding="UTF-8"?>
<record
    xmlns:xsi="http://www.w3.org/2001/XMLSchema-instance"
    xsi:schemaLocation="http://www.loc.gov/MARC21/slim http://www.loc.gov/standards/marcxml/schema/MARC21slim.xsd"
    xmlns="http://www.loc.gov/MARC21/slim">

  <leader>00676nam a22001817a 4500</leader>
  <controlfield tag="005">2009030604544.0</controlfield>
  <controlfield tag="008">090305t        xxu||||| |||| 00| 0 hin d</controlfield>
  <datafield tag="037" ind1=" " ind2=" ">
    <subfield code="b">DPL./PUB</subfield>
  </datafield>
  <datafield tag="245" ind1=" " ind2=" ">
    <subfield code="a">&#x92E;&#x93E;&#x939;&#x947;&#x936;&#x94D;&#x935;&#x930;&#x940; &#x938;&#x947;&#x935;&#x915;</subfield>
  </datafield>
  <datafield tag="246" ind1=" " ind2=" ">
    <subfield code="a">Maheshwari sewak</subfield>
  </datafield>
  <datafield tag="260" ind1=" " ind2=" ">
    <subfield code="a">&#x92C;&#x940;&#x915;&#x93E;&#x928;&#x947;&#x930;</subfield>
    <subfield code="b">&#x92E;&#x93E;&#x939;&#x947;&#x936;&#x94D;&#x935;&#x930;&#x940; &#x938;&#x947;&#x935;&#x915;</subfield>
    <subfield code="c">1952-</subfield>
  </datafield>
  <datafield tag="300" ind1=" " ind2=" ">
    <subfield code="a">&#x916;&#x923;&#x94D;&#x921;</subfield>
    <subfield code="c">24 &#x938;&#x947;&#x92E;&#x940;</subfield>
  </datafield>
  <datafield tag="310" ind1=" " ind2=" ">
    <subfield code="a">&#x92E;&#x93E;&#x938;&#x93F;&#x915;</subfield>
  </datafield>
  <datafield tag="270" ind1=" " ind2=" ">
    <subfield code="b">&#x92C;&#x940;&#x915;&#x93E;&#x928;&#x947;&#x930;</subfield>
    <subfield code="k">0151-2206397</subfield>
    <subfield code="a">&#x938;&#x94D;&#x91F;&#x947;&#x936;&#x928; &#x930;&#x94B;&#x921;&#x93C;</subfield>
    <subfield code="l">0151-2206397</subfield>
  </datafield>
  <datafield tag="365" ind1=" " ind2=" ">
    <subfield code="b">Rs. 150.00 per annum</subfield>
  </datafield>
  <datafield tag="942" ind1=" " ind2=" ">
    <subfield code="2">ddc</subfield>
    <subfield code="c">SR</subfield>
    <subfield code="s">1</subfield>
  </datafield>
  <datafield tag="999" ind1=" " ind2=" ">
    <subfield code="c">24941</subfield>
    <subfield code="d">24941</subfield>
  </datafield>
  <datafield tag="952" ind1=" " ind2=" ">
    <subfield code="0">0</subfield>
    <subfield code="1">0</subfield>
    <subfield code="2">ddc</subfield>
    <subfield code="4">0</subfield>
    <subfield code="7">1</subfield>
    <subfield code="8">NFIC</subfield>
    <subfield code="a">DBAD</subfield>
    <subfield code="b">DBAD</subfield>
    <subfield code="d">2009-03-06</subfield>
    <subfield code="l">0</subfield>
    <subfield code="r">2009-03-06 00:00:00</subfield>
    <subfield code="w">2009-03-06</subfield>
    <subfield code="y">SR</subfield>
  </datafield>
</record>
